[Event "VI Open Natale Vomero"]
[Site "Napoli ITA"]
[Date "2010.11.05"]
[Round "1"]
[White "Miccoli, Livio"]
[Black "Schiappoli, Dario"]
[Result "1/2-1/2"]
[WhiteElo "1704"]
[BlackElo "1955"]
[PlyCount "93"]
[EventDate "2010.11.05"]

1. e4 c5 2. Nc3 Nc6 3. g3 d6 4. Bg2 g6 5. Nge2 Bg7 6. O-O e6 7. d3 Nge7 8. Be3
Nd4 9. Qd2 Qa5 10. f4 O-O 11. Nc1 Bd7 12. Nb3 Qc7 13. Rf2 Rac8 14. Raf1 f5 15.
Qd1 b5 16. Qe1 a5 17. Nd1 a4 18. Nc1 b4 19. c3 bxc3 20. bxc3 Nb5 21. exf5 Nxf5
22. Bd2 Rce8 23. Re2 Bf6 24. Nb2 d5 25. Bf3 d4 26. c4 Nc3 27. Bxc3 dxc3 28. Nd1
Nd4 29. Ref2 Nxf3+ 30. Rxf3 Bc6 31. R3f2 e5 32. fxe5 Rxe5 33. Qxc3 Rf5 34. Rxf5
gxf5 35. Qd2 Bd4+ 36. Nf2 f4 37. Ne2 Be3 38. Qe1 Bb7 39. Nxf4 Bd4 40. Ne6 Qf7
41. Nxf8 Qf3 42. Qe6+ Kh8 43. Ng6+ Kg7 44. Qe7+ Kxg6 45. Qe6+ Kg7 46. Qe7+ Kh6
47. Qe6+ 1/2-1/2

[Event "VI Open Natale Vomero"]
[Site "Napoli ITA"]
[Date "2010.11.05"]
[Round "1"]
[White "Somma, Erminio"]
[Black "Esposito, Pino"]
[Result "1-0"]
[WhiteElo "1460"]
[BlackElo "1865"]
[PlyCount "99"]
[EventDate "2010.11.05"]

1. d4 Nf6 2. Nf3 d5 3. e3 Bg4 4. Be2 e6 5. Nbd2 Bd6 6. b3 O-O 7. O-O Nbd7 8.
Bb2 c6 9. c4 Qc7 10. h3 Bh5 11. c5 Be7 12. a4 a5 13. Ne5 Bxe2 14. Qxe2 Ne8 15.
f4 f6 16. Nxd7 Qxd7 17. e4 f5 18. e5 g6 19. Nf3 Qd8 20. Nh2 Ng7 21. g4 g5 22.
Bc1 h6 23. Nf3 Kf7 24. Qd2 Rh8 25. Kg2 gxf4 26. Qxf4 Qg8 27. Kf2 Ke8 28. Ke2
Kd7 29. Bd2 fxg4 30. Qxg4 Nf5 31. Rg1 Qh7 32. Qg6 Nh4 33. Nxh4 Bxh4 34. Qxh7+
Rxh7 35. Rg4 Bg5 36. Rag1 Rf7 37. Bxg5 hxg5 38. Rxg5 Raf8 39. Rg7 Ke7 40. h4
Rh8 41. Rxf7+ Kxf7 42. Rg4 Rh5 43. Kf3 Rf5+ 44. Kg3 Rf1 45. Rf4+ Rxf4 46. Kxf4
Kg6 47. Kg4 Kh6 48. h5 Kh7 49. Kg5 Kg7 50. h6+ 1-0

[Event "VI Open Natale Vomero"]
[Site "Napoli ITA"]
[Date "2010.11.05"]
[Round "1"]
[White "Zinnai, Graziano Matteo"]
[Black "Pinto, Gaetano"]
[Result "1/2-1/2"]
[WhiteElo "1794"]
[BlackElo "2041"]
[PlyCount "61"]
[EventDate "2010.11.05"]

1. e4 d6 2. d4 Nf6 3. Bd3 e5 4. c3 c6 5. a4 a5 6. Nf3 Nbd7 7. O-O Be7 8. Nbd2
Qc7 9. Re1 O-O 10. Nf1 Re8 11. Ng3 Nf8 12. h3 Ng6 13. Qc2 h6 14. Be3 Bf8 15.
Rad1 Be6 16. Rd2 Rad8 17. Red1 Bc8 18. Bf1 Rd7 19. Qb3 exd4 20. Bxd4 Nxe4 21.
Nxe4 Rxe4 22. Bd3 Rxd4 23. Nxd4 Ne7 24. Nf5 d5 25. c4 d4 26. Re2 g6 27. Nxe7+
Rxe7 28. Rde1 Rxe2 29. Rxe2 Kg7 30. Qc2 Bd6 31. Re1 1/2-1/2

[Event "VI Open Natale Vomero"]
[Site "Napoli ITA"]
[Date "2010.11.12"]
[Round "2"]
[White "Borrelli, Salvatore"]
[Black "Accardo, Francesco"]
[Result "1-0"]
[WhiteElo "1965"]
[BlackElo "1856"]
[PlyCount "49"]
[EventDate "2010.11.05"]

1. e4 a6 2. d4 b5 3. Nf3 Bb7 4. Bd3 e6 5. O-O Be7 6. a4 b4 7. Nbd2 a5 8. Qe2 h5
9. c4 g5 10. Nb3 g4 11. Nfd2 Nc6 12. f4 d5 13. cxd5 exd5 14. e5 Qb8 15. Bb5 Qa7
16. f5 O-O-O 17. Bxc6 Bxc6 18. f6 Bf8 19. e6 Bd6 20. e7 Re8 21. Qf2 Nh6 22. Nc5
g3 23. hxg3 Rhg8 24. Ndb3 Bxg3 25. Qf3 1-0

[Event "VI Open Natale Vomero"]
[Site "Napoli ITA"]
[Date "2010.11.12"]
[Round "2"]
[White "Esposito, Pino"]
[Black "Di Gennaro, Antonio"]
[Result "1-0"]
[WhiteElo "1865"]
[BlackElo "1673"]
[PlyCount "101"]
[EventDate "2010.11.05"]

1. e4 c5 2. Nf3 d6 3. d4 cxd4 4. Nxd4 Nf6 5. Nc3 a6 6. Be2 e5 7. Nb3 Be7 8. Bg5
Be6 9. O-O O-O 10. Bxf6 Bxf6 11. Nd5 Nd7 12. c4 Rc8 13. Rc1 Be7 14. Qd3 Nc5 15.
Nxe7+ Qxe7 16. Qe3 Bd7 17. Nd2 a5 18. b3 f5 19. Bf3 f4 20. Qe2 Qg5 21. Rfd1 Ne6
22. Nf1 Nd4 23. Rxd4 exd4 24. Qd2 Qe5 25. Rd1 Bc6 26. Bg4 Rcd8 27. f3 h5 28.
Bh3 Kh8 29. Qd3 Rg8 30. Rd2 Bd7 31. Bxd7 Rxd7 32. Qe2 g5 33. Kf2 g4 34. Ke1
gxf3 35. gxf3 Rdg7 36. Qf2 Qf6 37. Qxd4 Qxd4 38. Rxd4 Rd8 39. Rd5 b6 40. Rxh5+
Kg8 41. Kf2 Rh7 42. Rf5 Rf7 43. Rb5 Rb7 44. Ke2 Kf8 45. Kd3 Ke7 46. h4 Rh8 47.
h5 Ke8 48. Nh2 Rbh7 49. Ng4 Rxh5 50. Nf6+ Kd8 51. Rxh5 1-0

[Event "VI Open Natale Vomero"]
[Site "Napoli ITA"]
[Date "2010.11.12"]
[Round "2"]
[White "Franzese, Luigi"]
[Black "Miccoli, Livio"]
[Result "1-0"]
[WhiteElo "1838"]
[BlackElo "1704"]
[PlyCount "65"]
[EventDate "2010.11.05"]

1. e4 e6 2. d4 d5 3. Nd2 Ne7 4. Bd3 b6 5. Ne2 Nbc6 6. O-O Nb4 7. Bb5+ Bd7 8.
Bxd7+ Qxd7 9. a3 Nbc6 10. b4 dxe4 11. Nxe4 Nf5 12. Bb2 Rd8 13. c3 Be7 14. Qc2
O-O 15. Rad1 Nd6 16. c4 Nxe4 17. Qxe4 Bf6 18. Qc2 Ne7 19. Rfe1 c6 20. Ng3 g6
21. Ne4 Bg7 22. d5 exd5 23. Bxg7 Kxg7 24. cxd5 cxd5 25. Rd2 Qf5 26. Qb2+ f6 27.
Ng3 Qd7 28. Red1 Qe6 29. Re2 Qf7 30. b5 Rd7 31. Ne4 Kg8 32. Red2 Rfd8 33. Nxf6+
1-0

[Event "VI Open Natale Vomero"]
[Site "Napoli ITA"]
[Date "2010.11.12"]
[Round "2"]
[White "Lerro, Luca"]
[Black "Ficco, Corrado"]
[Result "0-1"]
[WhiteElo "1688"]
[BlackElo "2136"]
[PlyCount "60"]
[EventDate "2010.11.05"]

1. e4 c5 2. c3 e6 3. Nf3 Nc6 4. d4 d5 5. Nbd2 Nf6 6. e5 Nd7 7. Be2 f6 8. exf6
Nxf6 9. O-O Bd6 10. Re1 O-O 11. b3 e5 12. Nxe5 Nxe5 13. dxe5 Bxe5 14. Bb2 Bc7
15. Nf3 Qd6 16. h3 Bf5 17. Bd3 Be4 18. Bxe4 Nxe4 19. c4 Rxf3 20. Qxf3 Qh2+ 21.
Kf1 Nd2+ 22. Ke2 Nxf3 23. gxf3 Ba5 24. Rg1 Re8+ 25. Kd3 dxc4+ 26. Kxc4 Qf4+ 27.
Kxc5 Rc8+ 28. Kd5 Qxf3+ 29. Ke6 Rc6+ 30. Ke7 Qf7# 0-1

[Event "VI Open Natale Vomero"]
[Site "Napoli ITA"]
[Date "2010.11.12"]
[Round "2"]
[White "Pinto, Gaetano"]
[Black "Esposito, Rosario"]
[Result "0-1"]
[WhiteElo "2041"]
[BlackElo "1822"]
[PlyCount "44"]
[EventDate "2010.11.05"]

1. d4 Nf6 2. Nf3 g6 3. c3 Bg7 4. Bg5 d6 5. Nbd2 Nbd7 6. e4 O-O 7. Be2 b6 8. O-O
Bb7 9. Qc2 Rc8 10. Rac1 c5 11. Qb1 Rc7 12. Bd3 Qa8 13. e5 dxe5 14. dxe5 Nd5 15.
c4 Nb4 16. Bxe7 Nxd3 17. Qxd3 Nxe5 18. Nxe5 Rxe7 19. Nef3 Rd8 20. Qc2 Re2 21.
Rce1 Bxf3 22. gxf3 Rexd2 0-1

[Event "VI Open Natale Vomero"]
[Site "Napoli ITA"]
[Date "2010.11.12"]
[Round "2"]
[White "Roviello, Francesco"]
[Black "De Rosa, Francesco"]
[Result "0-1"]
[WhiteElo "1614"]
[BlackElo "1980"]
[PlyCount "62"]
[EventDate "2010.11.05"]

1. d4 d5 2. Bf4 c6 3. c3 Bf5 4. e3 Qb6 5. Qb3 Nf6 6. Nf3 Nbd7 7. Be2 e6 8. O-O
c5 9. c4 h6 10. h3 Be7 11. Ne5 Qxb3 12. axb3 a6 13. Nd2 cxd4 14. exd4 Nxe5 15.
Bxe5 O-O 16. Rac1 Rac8 17. Nf3 Nd7 18. Rfd1 Nxe5 19. dxe5 dxc4 20. Rd7 Bc5 21.
Bxc4 b5 22. g4 Be4 23. Nd2 Bc6 24. Rd3 bxc4 25. Rdc3 Bb4 26. R3c2 Bxd2 27. Rxd2
cxb3 28. Ra1 Bd5 29. Rxa6 Rc1+ 30. Kh2 Rc2 31. Rd3 Bc4 0-1

[Event "VI Open Natale Vomero"]
[Site "Napoli ITA"]
[Date "2010.11.12"]
[Round "2"]
[White "Russo Spena, Vincenzo"]
[Black "Caiazzo, Diego"]
[Result "0-1"]
[WhiteElo "1397"]
[BlackElo "1870"]
[PlyCount "92"]
[EventDate "2010.11.05"]

1. e4 e6 2. Nc3 d5 3. exd5 exd5 4. d4 Nf6 5. Nf3 Be7 6. Be3 Nbd7 7. Bf4 c6 8.
h3 Qa5 9. Bd2 Qc7 10. Qc1 Bd6 11. Nd1 O-O 12. Ne3 Nb6 13. c4 Nxc4 14. Bxc4 dxc4
15. Nxc4 Re8+ 16. Ne3 Nd5 17. O-O Nf4 18. Qd1 Be6 19. Bc3 Nd5 20. Nc4 Nxc3 21.
bxc3 Bxc4 22. Re1 Qd7 23. Ne5 Bxe5 24. dxe5 Qxd1 25. Raxd1 Rad8 26. Ra1 Rd2 27.
a4 Red8 28. Rab1 b5 29. axb5 cxb5 30. Ra1 Ra2 31. Rad1 Rdd2 32. Rxd2 Rxd2 33.
Ra1 Rd7 34. f4 Kf8 35. f5 Ke7 36. g4 Bb3 37. Kf2 Bc4 38. Re1 Bb3 39. Rb1 Bc4
40. g5 a5 41. h4 a4 42. h5 Rd2+ 43. Kg3 Bd3 44. Kf4 Bxb1 45. h6 gxh6 46. g6
hxg6 0-1

[Event "VI Open Natale Vomero"]
[Site "Napoli ITA"]
[Date "2010.11.12"]
[Round "2"]
[White "Schiappoli, Dario"]
[Black "Zinnai, Graziano Matteo"]
[Result "1-0"]
[WhiteElo "1955"]
[BlackElo "1794"]
[PlyCount "99"]
[EventDate "2010.11.05"]

1. e4 e6 2. Nf3 d5 3. e5 c5 4. b4 cxb4 5. d4 Nc6 6. Bd3 Bd7 7. Be3 Nh6 8. Ng5
g6 9. h4 Nf5 10. Qf3 Qe7 11. Bxf5 gxf5 12. Qh5 h6 13. Nd2 Bg7 14. Nh3 O-O-O 15.
Nf4 Be8 16. Qe2 f6 17. exf6 Bxf6 18. Nb3 Bf7 19. Qd3 Bxh4 20. Nc5 Bf6 21. a3
bxa3 22. O-O b6 23. Qa6+ Kb8 24. Rfb1 Kc7 25. Rxa3 Rb8 26. Nxd5+ exd5 27. Bf4+
Kd8 28. Re3 bxc5 29. Rxb8+ Nxb8 30. Qa5+ Ke8 31. Bxb8 Qxe3 32. fxe3 cxd4 33.
Qxa7 dxe3 34. Qxe3+ Kf8 35. Bd6+ Kg7 36. Qg3+ Bg6 37. Be5 Rc8 38. Bxf6+ Kxf6
39. Qd6+ Kg5 40. Qxd5 Rxc2 41. Qd8+ Kf4 42. g3+ Ke4 43. Qh4+ Kf3 44. Qxh6 Rg2+
45. Kf1 Rxg3 46. Qd2 Kg4 47. Qe2+ Kh3 48. Qf2 Kg4 49. Qe2+ Rf3+ 50. Kg2 1-0

[Event "VI Open Natale Vomero"]
[Site "Napoli ITA"]
[Date "2010.11.12"]
[Round "2"]
[White "Somma, Andrea"]
[Black "Bevilacqua, Michele"]
[Result "1-0"]
[WhiteElo "1422"]
[BlackElo "1773"]
[PlyCount "57"]
[EventDate "2010.11.05"]

1. e4 d5 2. exd5 Nf6 3. Nf3 Nxd5 4. Bc4 c6 5. d4 Nd7 6. O-O N7f6 7. Bg5 Qb6 8.
b3 Bg4 9. Bxd5 Nxd5 10. c3 O-O-O 11. Qd3 f6 12. Bh4 g6 13. Nbd2 Nf4 14. Qe4 Nh5
15. Qxg4+ f5 16. Qg5 c5 17. Nc4 Qa6 18. Qd2 h6 19. Nfe5 Qe6 20. f4 Nxf4 21.
Qxf4 g5 22. Qxf5 Qxf5 23. Rxf5 gxh4 24. Nf7 Bg7 25. Nxd8 Rxd8 26. Rxc5+ Kb8 27.
Re1 b6 28. Rh5 b5 29. Rxb5+ 1-0

[Event "VI Open Natale Vomero"]
[Site "Napoli ITA"]
[Date "2010.11.12"]
[Round "2"]
[White "Taurisano, Vincenzo"]
[Black "Cosenza, Gianni"]
[Result "0-1"]
[WhiteElo "1781"]
[BlackElo "1940"]
[PlyCount "20"]
[EventDate "2010.11.05"]

1. d4 d5 2. c4 e6 3. Nc3 Nf6 4. Bg5 c6 5. Nf3 Nbd7 6. e3 Qa5 7. Bxf6 Nxf6 8. a3
Ne4 9. Rc1 Nxc3 10. Rxc3 Bxa3 0-1

[Event "VI Open Natale Vomero"]
[Site "Napoli ITA"]
[Date "2010.11.12"]
[Round "2"]
[White "Vannini, Aldo"]
[Black "Cangiano, Federico"]
[Result "0-1"]
[WhiteElo "1802"]
[BlackElo "1955"]
[PlyCount "37"]
[EventDate "2010.11.05"]

1. d4 e6 2. Bf4 f5 3. e3 Nf6 4. h3 b6 5. Nf3 Bb7 6. Be2 Be7 7. c4 c5 8. O-O O-O
9. Nc3 a6 10. a3 Ne4 11. Ne5 d6 12. Nf3 Nd7 13. Nxe4 Bxe4 14. Nd2 Bb7 15. Bf3
Bxf3 16. Nxf3 g5 17. Bh2 Rf7 18. dxc5 Nxc5 19. Bxd6 0-1

[Event "VI Open Natale Vomero"]
[Site "Napoli ITA"]
[Date "2010.11.19"]
[Round "3"]
[White "Accardo, Francesco"]
[Black "Seletsky, Grigory"]
[Result "0-1"]
[WhiteElo "1856"]
[BlackElo "2317"]
[PlyCount "74"]
[EventDate "2010.11.05"]

1. e4 c5 2. Nc3 Nc6 3. f4 e6 4. Bc4 a6 5. a4 d6 6. Nf3 Nge7 7. O-O d5 8. Bb3
dxe4 9. Nxe4 Nf5 10. c3 h5 11. Qe1 Be7 12. Bd1 b6 13. g3 Bb7 14. d3 Qd7 15. Bc2
O-O-O 16. Bd2 Kb8 17. a5 b5 18. Qf2 Qd5 19. Qe2 f6 20. Rad1 c4 21. Be3 Nxe3 22.
Qxe3 cxd3 23. Rxd3 Qa2 24. Nc5 Bxc5 25. Qxc5 Rxd3 26. Bxd3 Nxa5 27. Qd6+ Ka8
28. b4 Nc6 29. Be4 Qc4 30. Nd4 Rd8 31. Qc7 Rxd4 32. Bxc6 Bxc6 33. Qb6 Rd2 34.
Qxa6+ Kb8 35. Qb6+ Bb7 36. Rf3 Rd1+ 37. Kf2 Qf1+ 0-1

[Event "VI Open Natale Vomero"]
[Site "Napoli ITA"]
[Date "2010.11.19"]
[Round "3"]
[White "Caiazzo, Diego"]
[Black "Schiappoli, Dario"]
[Result "0-1"]
[WhiteElo "1870"]
[BlackElo "1955"]
[PlyCount "36"]
[EventDate "2010.11.05"]

1. b3 e5 2. Bb2 Nc6 3. c4 Nf6 4. Nf3 e4 5. Nd4 Bc5 6. e3 O-O 7. Be2 d6 8. Nxc6
bxc6 9. O-O d5 10. d3 exd3 11. Bxd3 Ng4 12. Bd4 Bd6 13. h3 c5 14. Bb2 Qh4 15.
Qd2 Nh2 16. Rd1 Bxh3 17. Bf1 Bg4 18. Be2 Nf1 0-1

[Event "VI Open Natale Vomero"]
[Site "Napoli ITA"]
[Date "2010.11.19"]
[Round "3"]
[White "Cangiano, Federico"]
[Black "Capozzoli, Silvio"]
[Result "1-0"]
[WhiteElo "1955"]
[BlackElo "1918"]
[PlyCount "65"]
[EventDate "2010.11.05"]

1. d4 Nf6 2. Nf3 c5 3. e3 e6 4. Bd3 Nc6 5. c3 d5 6. Nbd2 c4 7. Bc2 b5 8. O-O
Be7 9. Qe2 Qb6 10. e4 dxe4 11. Nxe4 O-O 12. Bg5 Nd5 13. Bxe7 Ncxe7 14. Nc5 Nf6
15. Ne5 Rd8 16. Rfe1 Rb8 17. Qf3 Qc7 18. Qh3 Ned5 19. Qh4 Rb6 20. Re2 Rbd6 21.
Rae1 Rf8 22. g4 g6 23. Qh6 Qe7 24. f4 Nxf4 25. Qxf4 Nd5 26. Qg3 g5 27. Qh3 f6
28. Qh6 Nf4 29. Re3 fxe5 30. Rxe5 Kh8 31. Rxg5 Nh3+ 32. Qxh3 Qxg5 33. Qxh7# 1-0

[Event "VI Open Natale Vomero"]
[Site "Napoli ITA"]
[Date "2010.11.19"]
[Round "3"]
[White "Cosenza, Gianni"]
[Black "Borrelli, Salvatore"]
[Result "1/2-1/2"]
[WhiteElo "1940"]
[BlackElo "1965"]
[PlyCount "122"]
[EventDate "2010.11.05"]

1. e4 e5 2. Nf3 Nc6 3. Bb5 a6 4. Ba4 Nf6 5. O-O Be7 6. Re1 b5 7. Bb3 d6 8. c3
O-O 9. h3 Na5 10. Bc2 c5 11. d4 Qc7 12. d5 Bd7 13. Nbd2 Rab8 14. b3 Nb7 15. Nf1
c4 16. b4 a5 17. a3 Ra8 18. Ng3 g6 19. Bh6 Rfc8 20. Qd2 Qd8 21. Ng5 Bf8 22.
Bxf8 Qxf8 23. f4 Qh6 24. Rf1 Nh5 25. Nxh5 Qxh5 26. fxe5 Rf8 27. e6 f6 28. Nf7
Be8 29. Bd1 Qh4 30. Rf4 Qg3 31. Bf3 Bxf7 32. exf7+ Rxf7 33. Bg4 Kg7 34. Raf1
Qd3 35. Qxd3 cxd3 36. Rd1 axb4 37. axb4 d2 38. Rxd2 Ra3 39. Rd3 Rc7 40. Rff3
Nd8 41. Be6 Re7 42. Rd4 Nxe6 43. dxe6 Rxe6 44. Rfd3 Ra6 45. Kf2 Kf7 46. Kf3 Ke7
47. Rd5 Re5 48. Rxe5+ dxe5 49. Rd5 Rb6 50. g4 Ke6 51. Rc5 f5 52. exf5+ gxf5 53.
gxf5+ Kxf5 54. c4 bxc4 55. Rxc4 Rb5 56. Ke3 Ke6 57. Rh4 Rb7 58. Kd3 Ra7 59. b5
Ra3+ 60. Ke2 Ra7 61. b6 Rb7 1/2-1/2

[Event "VI Open Natale Vomero"]
[Site "Napoli ITA"]
[Date "2010.11.19"]
[Round "3"]
[White "De Rosa, Francesco"]
[Black "Vannini, Aldo"]
[Result "1-0"]
[WhiteElo "1980"]
[BlackElo "1802"]
[PlyCount "139"]
[EventDate "2010.11.05"]

1. e4 e6 2. d3 d5 3. Nd2 Nf6 4. Ngf3 Nc6 5. e5 Nd7 6. d4 Ne7 7. Nb3 Ng6 8. Bg5
Be7 9. Bxe7 Qxe7 10. h4 c5 11. h5 Ngf8 12. c3 h6 13. Qd2 Nh7 14. Be2 c4 15. Nc1
b5 16. a4 bxa4 17. Rxa4 a5 18. b4 Nb6 19. Rxa5 Rxa5 20. bxa5 Na4 21. Bd1 Qa3
22. Bxa4+ Qxa4 23. Qa2 Bd7 24. O-O O-O 25. Qxa4 Bxa4 26. Na2 Ra8 27. Rb1 Rxa5
28. Rb8+ Nf8 29. Nb4 Ra7 30. Nh4 Re7 31. f4 Bd1 32. Nf3 Bxf3 33. gxf3 g6 34.
hxg6 fxg6 35. Kg2 Rc7 36. Na6 Ra7 37. Nc5 Kf7 38. Nb7 Ra3 39. Nd6+ Kg8 40. Ne8
Ra7 41. Nf6+ Kf7 42. Rd8 Re7 43. Kg3 Ra7 44. Ne8 Ke7 45. Rc8 Rd7 46. Nd6 Rd8
47. Rxd8 Kxd8 48. Nf7+ Ke7 49. Nxh6 Nh7 50. Ng4 Kf7 51. Ne3 Nf8 52. Kg4 Nd7 53.
Kg5 Nb6 54. Kh6 Na4 55. Nd1 Nb6 56. Nb2 Nd7 57. Na4 Nb8 58. Nb6 Nc6 59. Na4 Ne7
60. Kh7 Nf5 61. Nc5 Ne3 62. Nb7 Nd1 63. Nd6+ Ke7 64. Nb5 Kf7 65. Kh6 Ne3 66.
Nd6+ Ke7 67. Kxg6 Kd7 68. Kf7 Ng2 69. f5 exf5 70. e6+ 1-0

[Event "VI Open Natale Vomero"]
[Site "Napoli ITA"]
[Date "2010.11.19"]
[Round "3"]
[White "Di Gennaro, Antonio"]
[Black "Lerro, Luca"]
[Result "0-1"]
[WhiteElo "1673"]
[BlackElo "1688"]
[PlyCount "94"]
[EventDate "2010.11.05"]

1. e4 e5 2. Nf3 Nc6 3. Bb5 a6 4. Ba4 Nf6 5. O-O Bc5 6. c3 d6 7. d4 Ba7 8. dxe5
dxe5 9. Qxd8+ Kxd8 10. Bxc6 bxc6 11. Nxe5 Ke8 12. Nxc6 Bb7 13. Nxa7 Rxa7 14. f3
Nd7 15. Be3 Ra8 16. Na3 Ke7 17. Bg5+ f6 18. Bf4 Rac8 19. Rad1 Nc5 20. b3 Ne6
21. Bg3 g5 22. Rd2 h5 23. h4 g4 24. fxg4 hxg4 25. e5 fxe5 26. Bxe5 Rh5 27. Bg3
Nc5 28. Re2+ Kd7 29. Rd1+ Kc6 30. b4 Na4 31. Nb1 Kb5 32. Red2 a5 33. bxa5 Kxa5
34. Rd5+ Bxd5 35. c4 Be4 36. Be1+ Ka6 37. Na3 c6 38. Rd4 Re8 39. Bg3 Nc3 40.
Rd2 Ra5 41. Bd6 Re6 42. Bb4 Rxa3 43. Bxa3 Nb1 44. Re2 Nxa3 45. h5 Nxc4 46. h6
Nd6 47. h7 Rh6 0-1

[Event "VI Open Natale Vomero"]
[Site "Napoli ITA"]
[Date "2010.11.19"]
[Round "3"]
[White "Esposito, Rosario"]
[Black "Franzese, Luigi"]
[Result "0-1"]
[WhiteElo "1822"]
[BlackElo "1838"]
[PlyCount "90"]
[EventDate "2010.11.05"]

1. d4 d5 2. c4 c6 3. Nf3 Nf6 4. Nc3 Bf5 5. cxd5 cxd5 6. Qb3 Bc8 7. e3 a6 8. Bd3
e6 9. O-O Nc6 10. e4 dxe4 11. Nxe4 Be7 12. Be3 O-O 13. Rfd1 Nb4 14. Nxf6+ gxf6
15. Bc4 Kh8 16. d5 b5 17. dxe6 bxc4 18. Qxc4 Bxe6 19. Qh4 Nd5 20. Bd4 Rg8 21.
Ng5 Rg7 22. Nxe6 fxe6 23. Rac1 Qg8 24. Qe4 Rg4 25. Qf3 Nf4 26. g3 e5 27. Be3 e4
28. Qxf4 Rxf4 29. Bxf4 Rd8 30. Re1 Qd5 31. Rc7 Bd6 32. Bxd6 Qxd6 33. Rec1 Qd2
34. R7c2 Qa5 35. a3 Qg5 36. Rc5 f5 37. h4 Qg4 38. Kh2 Qf3 39. R1c2 f4 40. Kh3
fxg3 41. R5c3 Qh1+ 42. Kxg3 Rg8+ 43. Kf4 Qxh4+ 44. Ke3 Rf8 45. Rc8 Qh3+ 0-1

[Event "VI Open Natale Vomero"]
[Site "Napoli ITA"]
[Date "2010.11.19"]
[Round "3"]
[White "Ficco, Corrado"]
[Black "Taurisano, Vincenzo"]
[Result "1-0"]
[WhiteElo "2136"]
[BlackElo "1781"]
[PlyCount "113"]
[EventDate "2010.11.05"]

1. e4 c5 2. Nf3 d6 3. d4 cxd4 4. Qxd4 Nc6 5. Bb5 Bd7 6. Bxc6 Bxc6 7. Nc3 Nf6 8.
Bg5 e6 9. O-O-O Be7 10. Rhe1 O-O 11. Kb1 Qa5 12. Qd2 Qc7 13. Nd4 a6 14. f3 Rfd8
15. g4 Rac8 16. h4 d5 17. e5 Ne8 18. f4 g6 19. f5 exf5 20. gxf5 Bxg5 21. Qxg5
Ng7 22. e6 Re8 23. fxg6 fxg6 24. Re5 Qe7 25. Qg3 Qd6 26. Qe3 Re7 27. Re1 b5 28.
Nxc6 Qxc6 29. Nxd5 Qxc2+ 30. Ka1 Rb7 31. Nf6+ Kh8 32. e7 Ne8 33. Qf4 Rbc7 34.
a3 Qc4 35. Nd5 Qxf4 36. Nxf4 Rc1+ 37. Rxc1 Rxc1+ 38. Ka2 Kg7 39. Re6 Kf7 40.
Rxa6 Rc4 41. Nd5 Rxh4 42. Rb6 Rd4 43. Rxb5 h5 44. Ne3 h4 45. Rg5 h3 46. Rg1 Rh4
47. b4 h2 48. Rh1 Kxe7 49. Nf1 Nd6 50. Rxh2 Rxh2+ 51. Nxh2 Kd7 52. Kb3 Kc6 53.
a4 g5 54. Kc3 Ne4+ 55. Kd4 Nd6 56. Ng4 Nf7 57. Ne5+ 1-0

[Event "VI Open Natale Vomero"]
[Site "Napoli ITA"]
[Date "2010.11.19"]
[Round "3"]
[White "Gallina, Giacomo"]
[Black "Bevilacqua, Michele"]
[Result "1/2-1/2"]
[WhiteElo "1704"]
[BlackElo "1773"]
[PlyCount "109"]
[EventDate "2010.11.05"]

1. Nc3 d5 2. e4 d4 3. Nce2 e5 4. Ng3 a6 5. Bc4 Nf6 6. d3 Bd6 7. N1e2 Nbd7 8.
O-O b5 9. Bb3 Nc5 10. f4 Bg4 11. f5 Nh5 12. Nxh5 Bxh5 13. Bd5 Rb8 14. Qe1 Bxe2
15. Qxe2 Qd7 16. a3 c6 17. Ba2 a5 18. Qg4 g6 19. Qh4 Be7 20. Qg3 Qd6 21. fxg6
fxg6 22. Bh6 Ne6 23. Qg4 Kd7 24. Rf7 c5 25. Bd5 Rb6 26. Bg5 h5 27. Qh3 Re8 28.
Raf1 Kd8 29. Bxe7+ Rxe7 30. R7f6 Kc7 31. Qg3 Qd7 32. Qxe5+ Qd6 33. Qxd6+ Rxd6
34. Rxg6 Ng7 35. Rxd6 Kxd6 36. Rf6+ Ke5 37. Ra6 c4 38. Rxa5 cxd3 39. cxd3 Kf4
40. Rxb5 Rc7 41. Bc4 Ke3 42. b3 Ne6 43. Rxh5 Nf4 44. Rg5 Rc6 45. a4 Ne2+ 46.
Kf1 Rf6+ 47. Rf5 Rh6 48. Rf3+ Kd2 49. Rf2 Rxh2 50. Rxe2+ Kc3 51. e5 Rh6 52. a5
Rh7 53. e6 Rh8 54. e7 Rf8+ 55. exf8=Q 1/2-1/2

[Event "VI Open Natale Vomero"]
[Site "Napoli ITA"]
[Date "2010.11.19"]
[Round "3"]
[White "Miccoli, Livio"]
[Black "Pinto, Gaetano"]
[Result "0-1"]
[WhiteElo "1704"]
[BlackElo "2041"]
[PlyCount "146"]
[EventDate "2010.11.05"]

1. e4 e5 2. Nf3 Nc6 3. Bb5 Nf6 4. O-O Nxe4 5. Re1 Nd6 6. Nxe5 Be7 7. Qh5 Nxe5
8. Qxe5 O-O 9. Bd3 Bf6 10. Qh5 g6 11. Qf3 Re8 12. Rxe8+ Nxe8 13. Nc3 c6 14. Ne4
Bg7 15. Bc4 d5 16. Bb3 Qe7 17. Ng3 Qe1+ 18. Nf1 Nd6 19. d3 Be6 20. Qe3 Qa5 21.
c3 Re8 22. Bd2 Bc8 23. Qf3 Qd8 24. Re1 Rxe1 25. Bxe1 Qe7 26. Qe3 Kf8 27. Bd2
Bf5 28. Bc2 a6 29. Ng3 Be6 30. Qc5 Nc8 31. Qxe7+ Kxe7 32. d4 Nd6 33. b3 Bf6 34.
Ne2 h5 35. f3 Bf5 36. Bxf5 Nxf5 37. Kf2 Bh4+ 38. g3 Bf6 39. Nf4 Kd7 40. Nd3 Nd6
41. Nc5+ Kc8 42. Ke2 Be7 43. Bf4 Nf5 44. Nd3 Kd7 45. Ne5+ Ke6 46. g4 hxg4 47.
fxg4 Nd6 48. Nf3 Ne4 49. Bd2 Bf6 50. Ne1 Be7 51. Nd3 Bd6 52. h3 Bg3 53. Nc5+
Nxc5 54. dxc5 f5 55. Kf3 Be5 56. h4 fxg4+ 57. Kxg4 Bf6 58. h5 gxh5+ 59. Kxh5
Kf5 60. a4 Be7 61. Be3 Ke4 62. Bd4 Kd3 63. b4 a5 64. bxa5 Bd8 65. Kg6 Bxa5 66.
Kf5 Bxc3 67. Ke5 Bxd4+ 68. Kd6 Kc4 69. a5 Bxc5+ 70. Kc7 d4 71. Kxb7 d3 72. a6
d2 73. a7 Bxa7 0-1

[Event "VI Open Natale Vomero"]
[Site "Napoli ITA"]
[Date "2010.11.19"]
[Round "3"]
[White "Zinnai, Graziano Matteo"]
[Black "Russo Spena, Vincenzo"]
[Result "1-0"]
[WhiteElo "1794"]
[BlackElo "1397"]
[PlyCount "79"]
[EventDate "2010.11.05"]

1. e4 g6 2. d4 Bg7 3. Nf3 d6 4. c3 Nf6 5. Bd3 O-O 6. O-O Nbd7 7. Nbd2 e5 8. Re1
b6 9. Nf1 Bb7 10. Ng3 Re8 11. h3 d5 12. exd5 Bxd5 13. Nxe5 Nxe5 14. dxe5 Nd7
15. f4 Qh4 16. Ne4 f5 17. exf6 Bxf6 18. Nxf6+ Nxf6 19. Bd2 Rxe1+ 20. Qxe1 Qxe1+
21. Bxe1 Rd8 22. Be2 Kf7 23. Rd1 Rd6 24. c4 Be6 25. Rxd6 cxd6 26. Kf2 Ne4+ 27.
Ke3 Nc5 28. b4 Na4 29. Kd4 b5 30. c5 dxc5+ 31. bxc5 a6 32. a3 Nb2 33. g4 Ke7
34. Bb4 Kf6 35. g5+ Kf7 36. Bg4 Nc4 37. c6 Nb6 38. Bc5 Bxg4 39. hxg4 Ke6 40.
Bxb6 1-0

[Event "VI Open Natale Vomero"]
[Site "Napoli ITA"]
[Date "2010.11.26"]
[Round "4"]
[White "Bevilacqua, Michele"]
[Black "Miccoli, Livio"]
[Result "1-0"]
[WhiteElo "1773"]
[BlackElo "1704"]
[PlyCount "69"]
[EventDate "2010.11.05"]

1. e4 e6 2. d4 d5 3. e5 c5 4. c3 Nc6 5. Nf3 Qb6 6. Bd3 Bd7 7. O-O cxd4 8. cxd4
Nxd4 9. Nxd4 Qxd4 10. Nc3 a6 11. Re1 Ne7 12. Kh1 Ng6 13. f4 Nxf4 14. Qg4 Qxd3
15. Bxf4 Qg6 16. Qf3 Bc6 17. a3 d4 18. Ne4 Rd8 19. Qd3 Be7 20. Rad1 h5 21. Rd2
h4 22. h3 Rg8 23. b4 Qf5 24. Nd6+ Bxd6 25. Qxf5 exf5 26. exd6+ Be4 27. Rxd4 g5
28. Bh2 Kd7 29. Rc4 Rc8 30. Rc7+ Rxc7 31. dxc7 Rc8 32. Rd1+ Ke8 33. Be5 g4 34.
hxg4 fxg4 35. Bf6 1-0

[Event "VI Open Natale Vomero"]
[Site "Napoli ITA"]
[Date "2010.11.26"]
[Round "4"]
[White "Franzese, Luigi"]
[Black "De Rosa, Francesco"]
[Result "1-0"]
[WhiteElo "1838"]
[BlackElo "1980"]
[PlyCount "127"]
[EventDate "2010.11.05"]

1. e4 c5 2. Nf3 Nc6 3. d4 cxd4 4. Nxd4 Nf6 5. Nc3 e5 6. Ndb5 d6 7. Bg5 a6 8.
Bxf6 gxf6 9. Na3 b5 10. Nd5 f5 11. Bd3 Be6 12. Qd2 Bxd5 13. exd5 Ne7 14. O-O-O
e4 15. Be2 Bg7 16. Kb1 O-O 17. h4 Ng6 18. h5 Qf6 19. c3 Ne5 20. h6 Bh8 21. g3
Rfc8 22. Rh5 b4 23. cxb4 Ng6 24. Rhh1 Ne7 25. Bc4 Rc7 26. Rc1 Rb8 27. Rc2 Rcb7
28. b5 axb5 29. Bb3 Ra7 30. Qb4 Qe5 31. Rhc1 Kf8 32. Nxb5 Nxd5 33. Qxd6+ Qxd6
34. Nxd6 Ne7 35. Nxf5 Bf6 36. Nxe7 Rxe7 37. Rc8+ Rxc8 38. Rxc8+ Re8 39. Rxe8+
Kxe8 40. Bd5 Bd4 41. Bxe4 Bxf2 42. g4 Be3 43. Kc2 Kd7 44. Bxh7 Bxh6 45. Kd3 Kc6
46. Kc4 Bc1 47. b4 Ba3 48. Kb3 Bc1 49. a4 Bd2 50. Kc4 Kb6 51. Bg8 f6 52. Bf7
Be3 53. Be8 Bf2 54. Bd7 Be3 55. Kb3 Bd2 56. a5+ Kc7 57. Be8 Kb7 58. Ka4 Bc3 59.
b5 Bd4 60. Bf7 Bc3 61. Bd5+ Ka7 62. b6+ Ka6 63. Bc4+ Kb7 64. Kb5 1-0